[Event "Monaco m"]
[Site "Monte Carlo"]
[Date "1996.??.??"]
[Round "8"]
[White "Piket, Jeroen"]
[Black "Dreev, Alexey"]
[Result "1/2-1/2"]
[WhiteElo "2570"]
[BlackElo "2670"]
[Annotator "Lutz,C"]
[PlyCount "59"]
[EventDate "1996.04.??"]
[EventType "match"]
[EventRounds "8"]
[EventCountry "MNC"]
[SourceTitle "CBM 053"]
[Source "ChessBase"]
[SourceDate "1996.08.01"]
[SourceVersion "1"]
[SourceVersionDate "1996.08.01"]
[SourceQuality "1"]

1. d4 {Gurevich,M Baburin Gurevich,M} d5 2. c4 c6 3. Nf3 Nf6 4. Nc3 e6 5. Bg5
h6 6. Bxf6 Qxf6 7. e3 Nd7 8. a3 {Scheinbar ist 8.a3 ein Tempoverlust, dieser
Zug enthält jedoch mehrere Ideen, die gegen schwarze Aufbauten mit ...g6
gerichtet sind:} Bd6 (8... dxc4 9. Bxc4 {Im Vergleich zu der Variante 8.Bd3
dc4 9.Bc4 g6 hat Weiß jetzt das Mehrtempo a2-a3, daß er später zur
Umgruppierung Ba2-b1 benutzt.} g6 10. O-O Bg7 11. Qc2 O-O 12. Rad1 Qe7 13. Rfe1
Nb6 14. Ba2 $1 c5 15. Ne5 cxd4 16. exd4 Qc7 17. h4 Nd7 18. h5 Nxe5 19. dxe5 g5
20. Bb1 Rd8 21. Qh7+ Kf8 22. Ne4 Rxd1 23. Rxd1 Qxe5 24. Rd8+ Ke7 25. Qg8 Qb5
26. Rd1 {1-0 Kramnik,V-Chernin,A/Moscow PCA-GP (2.2) 25' ;EXP 52 1996}) (8...
g6 9. e4 {Dieser Zug ist mit unklaren Verwicklungen verbunden. In der nächsten
Zeit wird hier noch einiges geschehen. In zwei anderen Partien führte Weiß
durch Abtausch auf d5 die Karlsbader Struktur herbei. M.E. bietet dieser
Aufbau unter den gegebenen Umständen keine Aussichten auf Vorteil.} (9. b4 Bg7
10. cxd5 exd5 11. Bd3 O-O 12. O-O Nb6 13. Qb3 Qd6 14. Rfc1 Be6 15. Nd2 $10 {
1-0 Piket,J-Dreev,A/Wijk (10) ;CBM 51 1996 (41)}) (9. cxd5 exd5 10. b4 Bd6 11.
Bd3 Qe7 12. O-O Nf6 13. b5 c5 $132 {1/2-1/2 Van Wely,L-Gurevich,M/BL2 9596 ;
CBM 51 1996 (70)}) 9... dxe4 10. Nxe4 Qf4 11. Bd3 c5 (11... Bg7 12. O-O O-O 13.
Re1 c5 14. Nxc5 Nxc5 15. dxc5 Bxb2 16. Rb1 Bc3 17. Qc1 Qxc1 18. Rexc1 Bf6 19.
Be4 a6 20. g3 Ra7 21. Nd2 {1/2-1/2 Cvitan,O-Chernin,A/Bern op (08) ;EXP 46 1995
}) 12. d5 exd5 13. Nc3 Nf6 14. O-O Bd6 15. h3 h5 {0-1 Arbakov,V-Gurevich,M/
Cappelle op ;CBM 51 1996 (40)}) 9. e4 Qe7 {Einige Tage später in Nussloch
wurde zwischen den gleichen Gegnern 8...de4 erprobt. Dreev kam jedoch arg
unter die Räder.} 10. e5 Bc7 11. Rc1 {/\ cd5} Nb6 12. c5 Nd7 13. Bd3 f6 {
Schwarz muß die Stellung öffnen, um seinen Läufern zum Leben zu verhelfen.
Alllerdings sollte er auch jetzt Prbleme haben.} 14. Nh4 Nf8 15. f4 fxe5 16.
Qh5+ Qf7 17. Qxf7+ Kxf7 18. fxe5 Bd7 19. O-O+ $2 {Ein sehr natürlicher Zug,
der aber den Vorteil verspielt. Nach 19.Bg6! steht Weiß klar besser :} (19.
Bg6+ $1 Nxg6 (19... Ke7 20. Ne2 $1 Be8 21. Nf4 $16) 20. O-O+ Kg8 (20... Ke8 21.
Nxg6 Rg8 22. Rf3 $16) 21. Nxg6 Rh7 22. Rf3 $16 {/\ Rcf1}) 19... Ke7 20. Ne2 Be8
21. Nf4 g5 22. Nfg6+ Nxg6 23. Nxg6+ Bxg6 24. Bxg6 Rhf8 $10 25. Rxf8 Rxf8 26.
Rf1 Rxf1+ 27. Kxf1 b6 28. b4 bxc5 29. bxc5 Ba5 30. Ke2 1/2-1/2

[Event "EU-chT (Men) 15th"]
[Site "Gothenburg"]
[Date "2005.08.05"]
[Round "7.3"]
[White "Pantsulaia, Levan"]
[Black "Karjakin, Sergey"]
[Result "1/2-1/2"]
[WhiteElo "2510"]
[BlackElo "2645"]
[Annotator "Lutz,C"]
[PlyCount "48"]
[EventDate "2005.07.30"]
[EventType "team-swiss"]
[EventRounds "9"]
[EventCountry "SWE"]
[SourceTitle "CBM 109"]
[Source "ChessBase"]
[SourceDate "2005.11.14"]
[SourceVersion "1"]
[SourceVersionDate "2005.11.14"]
[SourceQuality "1"]
[WhiteTeam "Georgia"]
[BlackTeam "Ukraine"]
[WhiteTeamCountry "GEO"]
[BlackTeamCountry "UKR"]

1. d4 d5 2. c4 c6 3. Nf3 Nf6 4. Nc3 e6 5. Bg5 h6 6. Bh4 dxc4 7. e4 g5 8. Bg3 b5
9. Be2 Bb7 10. O-O Nbd7 11. Ne5 Bg7 12. Nxd7 $5 Nxd7 13. Bd6 Bf8 $5 {This is
how Black gets rid of the annoying bishop, but must accept that he loses the
right to castle and that his black squares are weakened. So beseitigt Schwarz
den störenden Läufer, muss aber den Verlust des Rochaderechts und eine
Schwächung der schwarzen Felder in Kauf nehmen.} (13... e5 {1-0 Radjabov,
T-Dreev,A/Sant Lluis 2005/CBM 109/[Lutz] (65)}) 14. Bxf8 Kxf8 15. e5 Qb6 16. f4
{White proceeds very directly against f7, but he must bear in mind the
opposition of Qb6-Kg1. Weiß geht sehr direkt gegen f7 vor, muss aber auch die
Gegenüberstellung Qb6-Kg1 beachten.} Rd8 17. Bh5 g4 {keeps the f-file closed.
Hält die f-Linie geschlossen.} (17... c5 $5 {is also worth considering, but on
account of the open f-file Black is close to the abyss. kommt auch in Betracht,
aber angesichts der offenen f-Linie ist Schwarz dem Abgrund nahe:} 18. fxg5
Nxe5 (18... cxd4 19. Nd5 $1 Bxd5 20. Rxf7+ Kg8 21. gxh6 d3+ 22. Kh1 Nxe5 23.
Rg7+ Kf8 24. Qd2 $18) 19. dxe5 $5 (19. Qe2 {is completely unclear, e.g. ist
völlig unklar, z.B.:} cxd4 20. Qxe5 dxc3+ 21. Kh1 Rh7 22. g6 (22. bxc3 hxg5)
22... Rd2 23. Be2 (23. Bf3 Rg7 24. Qxc3 Rd7 25. Rad1 $13) 23... Rg7 24. Rxf7+
Rxf7 25. gxf7 Bxg2+ 26. Kxg2 cxb2 27. Qh8+ (27. Rf1 Qd4 $19) 27... Kxf7 28.
Rf1+ Ke7 29. Qf8+ Kd7 30. Rf7+ Kc6 31. Qc8+ Kd5 32. Qd7+ Kc5 33. Qxd2 b1=Q 34.
Qe3+ $11) 19... Rxd1 20. Raxd1 Rh7 (20... hxg5 21. Rxf7+ Kg8 22. Rdd7 Rxh5 23.
Rg7+ Kf8 (23... Kh8 24. Rge7 $1 $18) 24. Rdf7+ Ke8 25. Rxb7 $18) 21. Rd6 Qc7
22. g6 Rg7 23. Ne2 $40) (17... gxf4 $6 18. Rxf4 Nxe5 19. Qf1 Rh7 20. Qf2 $18)
18. Qxg4 $6 (18. Ne4 {looks stronger. The Pd4 is still protected and there is
the threat of Nd6. sieht stärker aus. Der Pd4 bleibt gedeckt und es droht Nd6.}
c5 19. Nd6 Rh7 20. Nxb7 Qxb7 21. dxc5) 18... Rg8 19. Qh4 Qxd4+ 20. Rf2 {
The rook on d8 is hanging and there is the threat of Rd1; so the next move is
forced. Der Turm d8 hängt und es droht Rd1, der nächste Zug ist daher erwungen.
} (20. Kh1 $2 Nxe5 21. Ne2 Qd5) 20... Nc5 (20... Nxe5 $2 21. Ne2 $18) 21. Ne2 (
21. Rd1 Nd3) 21... Qd2 22. Ng3 (22. Qf6 {was a possibility of continuing the
game. White has the chance of f4-f5. but Black can bring his knight to d3. war
eine Möglichkeit, die Partie fortzusetzen. Weiß hat die Möglichkeit f4-f5,
aber Schwarz kann seinen Springer nach d3 bringen.} Rg7 23. Ng3 Qd4 24. Rd1 Nd3
25. Rdd2 (25. Rxd3 cxd3 26. f5 Bc8 27. Qxh6 Kg8 28. f6 Rh7 29. Qg5+ Kh8 $19)
25... Re8 (25... Rd7 26. Rxd3 cxd3 27. f5 d2 28. fxe6 $18) 26. Qxh6 (26. Rxd3
cxd3 27. f5 d2) 26... Kg8 27. f5 Bc8 $13) 22... Qd4 23. Ne2 (23. Qf6 Rg7 {
- 22.Qf6 Rg7 23.Ng3 Qd4}) 23... Qd2 24. Ng3 Qd4 1/2-1/2

[Event "EU-chT (Men) 15th"]
[Site "Gothenburg"]
[Date "2005.08.06"]
[Round "8.4"]
[White "Nordahl, Helge Andreas"]
[Black "Lendwai, Reinhard"]
[Result "0-1"]
[WhiteElo "2423"]
[BlackElo "2416"]
[Annotator "Lutz,C"]
[PlyCount "114"]
[EventDate "2005.07.30"]
[EventType "team-swiss"]
[EventRounds "9"]
[EventCountry "SWE"]
[SourceTitle "CBM 109"]
[Source "ChessBase"]
[SourceDate "2005.11.14"]
[SourceVersion "1"]
[SourceVersionDate "2005.11.14"]
[SourceQuality "1"]
[WhiteTeam "Norway"]
[BlackTeam "Austria"]
[WhiteTeamCountry "NOR"]
[BlackTeamCountry "AUT"]

1. d4 d5 2. c4 c6 3. Nf3 Nf6 4. Nc3 a6 5. Qb3 dxc4 6. Qxc4 b5 7. Qd3 e6 8. Bg5
Nbd7 9. e4 h6 10. Bh4 Qa5 11. Be2 c5 12. O-O cxd4 13. Nxd4 Bb7 14. a3 Qb6 15.
Rad1 Rd8 16. Qe3 Be7 17. e5 Nd5 18. Nxd5 Bxd5 19. Bxe7 Kxe7 20. Qg3 g6 21. Bf3
Bxf3 22. Nxf3 g5 23. Rd6 Qc5 24. Rxa6 Nb8 25. b4 Qc7 26. Rd6 Rxd6 27. exd6+
Qxd6 28. Qxd6+ Kxd6 29. Nd4 Kd5 30. Nxb5 Kc4 31. Nd6+ Kb3 32. Nxf7 Rh7 33. Ne5
Kxa3 34. b5 Rb7 35. Rb1 Ka2 36. Re1 Rxb5 37. Nf7 h5 38. g3 Nc6 39. Rxe6 Nd4 40.
Re4 {Up till now, White has played well. However, the drama which follows is a
condemnation of the shortened FIDE thinking times. Bis hierhin hat Weiß gut
gespielt. Das folgende Drama ist jedoch eine Anklage gegen die verkürzte
FIDE-Bedenkzeit.} Nf3+ 41. Kg2 g4 42. h3 {The correct move, but now tactical
complications arise. Der richtige Zug, aber nun entstehen taktische
Komplikationen.} gxh3+ (42... Rf5 43. hxg4 Rxf7 44. gxh5 $18) 43. Kxf3 {
White has won the piece. Now "all" he has to do is gather in the h-pawn. Die
Figur hat Weiß gewonnen, jetzt muss er "nur" noch den h-Bauern einsacken.} (43.
Kxh3 $5 {From the practical point of view this would have been preferable,
although it is not totally clear whether White can win. wäre aus praktischer
Sicht vorzuziehen gewesen, obwohl nicht klar ist, ob Weiß gewinnen kann.} Rf5
44. Nd6 Rd5 45. Re2+ Kb1 46. Re3 $16) 43... Rb3+ (43... Rb1 44. Ra4+ Kb3 45.
Rh4 $18) 44. Re3 Rb1 45. Re5 Rb3+ (45... h2 $2 46. Ra5+ Kb2 47. Rb5+ Kc2 48.
Rxb1 Kxb1 49. Kg2 $18) 46. Re3 Rb1 47. Re5 (47. Re2+ $5 {would have been the
only way left to avoid the draw. war wohl noch die einzige Möglichkeit, dem
Unentschieden auszuweichen.} Ka3 (47... Kb3 48. Re5 h2 49. Rb5+ $18) (47... Ka1
$2 48. Re5 Rb3+ 49. Re3 Rb1 50. Ra3+ Kb2 51. Ra5 $18) 48. Re5 h2 49. Rxh5 h1=Q+
50. Rxh1 Rxh1 $16 {with some winning chances for White. mit einigen
Gewinnchancen für Weiß.}) 47... Rb3+ {Drawn? Remis ?} 48. Ke4 $2 {White
decides to play for a win, but only brings himself into danger. Weiß
entschließt sich, auf Gewinn zu spielen, bringt sich jedoch nur selbst in
Gefahr.} (48. Kf4 Rb4+ $11 (48... h4 $2 49. Re2+ $18)) (48. Ke2 h4 49. Rh5 hxg3
50. fxg3 Rxg3 $11) 48... h4 49. Ra5+ Kb2 50. Rh5 $2 (50. Rd5 {was the only
move with which to secure the draw. war bereits der einzige Zug, um das
Unentschieden zu sichern.} Kc1 51. Rc5+ Kd1 (51... Kb1 52. Rd5) (51... Kd2 52.
Ra5) 52. Ra5 Kc2 (52... Rb1 53. Kf3) 53. Ra2+ Kb1 54. Re2 hxg3 55. fxg3 Rxg3
$11) 50... h2 $19 51. Rxh4 Rb4+ 52. Kf3 Rxh4 53. gxh4 h1=Q+ 54. Kg4 Qg2+ 55.
Kh5 Qxf2 56. Nh6 Qf6 57. Ng4 Qf5+ 0-1

[Event "EU-Cup 21st"]
[Site "Saint Vincent"]
[Date "2005.09.20"]
[Round "3.1"]
[White "Johannessen, Leif Erlend"]
[Black "Matthiesen, Arne"]
[Result "0-1"]
[WhiteElo "2543"]
[BlackElo "2356"]
[Annotator "Lutz,C"]
[PlyCount "92"]
[EventDate "2005.09.18"]
[EventType "team-swiss"]
[EventRounds "7"]
[EventCountry "ITA"]
[SourceTitle "CBM 110"]
[Source "ChessBase"]
[SourceDate "2006.01.31"]
[SourceVersion "1"]
[SourceVersionDate "2006.01.31"]
[SourceQuality "1"]
[WhiteTeam "Oslo"]
[BlackTeam "Aarhus"]
[WhiteTeamCountry "NOR"]
[BlackTeamCountry "DEN"]

1. d4 d5 2. c4 c6 3. Nf3 Nf6 4. Nc3 e6 5. Bg5 h6 6. Bh4 dxc4 7. e4 g5 8. Bg3 b5
9. Be2 Bb7 10. h4 g4 11. Ne5 h5 12. O-O Nbd7 13. Qc2 Nxe5 14. Bxe5 Bg7 15. Bg3
$5 {Sakaevs Bauernopfer, dessen Folgen nach wie vor nicht geklärt sind.} Qxd4 {
Schwarz wählt die prinzipiellste Antwort.} (15... b4 $2 16. Na4 Qxd4 17. Bxc4
c5 $2 18. e5 $18 {1-0 Sakaev,K-Borovikov,V/Halkidiki 2002/CBM 92/[Lutz] (26)})
(15... O-O $5 16. e5 (16. Rad1 {führt zu 15.Rad1 0-0 16.Bg3}) 16... Nh7 {
Nun sind wir per Zugumstellung bei Kramnik,V-Akopian,V/Dortmund 2000 angelangt:
} (16... Nd7 $5 {muss Weiß nicht mit 17.Rad1 und Übergang zu bekannten
Varianten beantworten, sondern kann mit} 17. Ne4 $1 {(plant Ng5)} f5 18. exf6
Nxf6 19. Nc5 Bc8 20. Be5 $40 {begegnet werden.}) 17. Rad1 f5 18. exf6 Qxf6 19.
f3 Qf5 20. Qd2 Qg6 21. fxg4 hxg4 22. Qe3 Rf5 23. Ne4 c5 $1 24. Nxc5 Bd5 25. a4
Raf8 26. axb5 Rf3 $1 27. gxf3 gxf3 28. Kh2 $13) (15... Nh7 16. e5 Qxd4 17. Rad1
Qb6 18. Ne4 O-O 19. b3 $1 $40 {Sakaev}) 16. Rfd1 (16. Rad1 $6 {ist schwächer,
da Weiß den Turm auf a1 zur Unterstützung des a-Bauern braucht.} Qb6 (16... Qc5
$6 17. e5 Nd5 18. Ne4 Qb6 19. Nd6+ Kf8 20. Kh1 $13 {0-1 Wendt,J-Van Wely,L/
Minneapolis 2005/CBM 107/[Lutz] (39)} (20. Qe4 $5)) 17. e5 (17. Bd6 O-O-O $5)
17... Nd5 18. Ne4 O-O-O (18... O-O $2 19. Ng5) 19. Nd6+ Rxd6 20. exd6 f5 $17 {
0-1 Wu Shaobin-Al Sayed,M/Doha 2003/CBM 94/[Lutz] (50)}) 16... Qb6 17. a4 a5 $5
{Dieser Zug wurde schon einmal in einer Partie zwischen zwei schwächeren
Spielern gewählt. Gegenüber der Standardreaktion 17..a6 hat er den Vorteil,
dass a4-a5 nun "physisch" verhindert ist und auch ...b5-b4 in der Luft hängt.}
(17... a6 18. Qd2 Bh6 (18... O-O 19. Qg5 Nh7 20. Qxh5 b4 21. a5 Qa7 22. Na4 Nf6
23. Qg5 Nxe4 24. Qxg4 f5 $13) (18... Rh6 19. Qf4 Rg6 20. Qe5 Bf8 21. Rd2 Rc8
22. Rad1 Qc5 23. Rd8+ Rxd8 24. Rxd8+ Kxd8 25. Qc7+ Ke8 26. Qb8+ Ke7 27. Bc7 e5
28. Qxb7 Nd7 29. g3 Ke6 30. Qxa6 Bd6 31. Bxd6 Kxd6 32. axb5 Rf6 33. Nd1 Qxb5
34. Qa8 Qb4 35. Kf1 c3 36. bxc3 Qxe4 37. Ke1 Qh1+ 38. Kd2 Ke7 39. Ne3 Qb1 40.
Nd1 Rd6+ 41. Ke1 Qe4 42. Ne3 f5 43. Qg8 f4 44. Qg7+ {1/2-1/2 Bocharov,
D-Kobalia,M/Abu Dhabi 2005/CBM 107 ext (44)}) 19. Qd6 Bf8 20. Qe5 Be7 21. Bf4
Rg8 22. Bg5 g3 23. Qxg3 Nh7 24. a5 Qa7 25. Bxh5 Nxg5 26. hxg5 Rxg5 27. Qf3 Rg7
28. Qf4 Qb8 29. e5 $44 {1-0 Khalifman,A-Kobalija,M/Sochi 2005/CBM 107/[Lutz] 
(38)}) 18. Qc1 $146 (18. Qd2 b4 19. Qg5 Kf8 20. Be5 $6 (20. e5 $5 Nd5 21. Ne4
$44) 20... Rh6 21. Bd4 Qc7 22. Bc5+ Kg8 23. Bd6 Qc8 $19 {0-1 Witt,R-Al Sayed,M/
Amsterdam 2004/CBM 101 ext (36)}) 18... b4 19. e5 $2 (19. Qg5 {würde zu der
Variante nach 18.Qd2 führen und war vorzuziehen.}) 19... Bh6 20. Bf4 (20. Qc2
bxc3 21. exf6 Qxb2 $19) 20... Bxf4 $6 {Führt zwar auch zu einer schwarzen
Gewinnstellung, es ging aber noch besser.} (20... bxc3 $19 21. Bxh6 cxb2 {
war nicht von der Hand zu weisen.}) 21. Qxf4 Nd5 22. Nxd5 cxd5 23. Qf6 Rg8 24.
g3 Rg6 25. Qf4 (25. Qh8+ Ke7 26. Qxh5 d4 $19) 25... Rc8 26. Rd4 Ba6 27. Rc1 Ke7
$19 28. Bd1 b3 29. Rc3 Rcg8 30. Kh2 f5 31. Qe3 Rb8 32. Be2 Bc8 33. Rc1 Bd7 34.
Ra1 Qc7 35. f3 Rbg8 36. fxg4 hxg4 37. Kg2 Rh8 38. Rdd1 Rh5 39. Qd4 Rg8 40. Rf1
Kd8 41. Rfd1 Kc8 42. Rac1 Bc6 43. Kg1 Kb7 44. Kg2 Qb6 45. Ra1 Qxd4 46. Rxd4 Kb6
0-1

[Event "RUS-Cup9"]
[Site "Novgorod"]
[Date "1997.06.15"]
[Round "4"]
[White "Shcherbakov, Ruslan"]
[Black "Galkin, Alexander"]
[Result "1/2-1/2"]
[WhiteElo "2580"]
[BlackElo "2510"]
[Annotator "Lutz,C"]
[PlyCount "62"]
[EventDate "1997.06.11"]
[EventType "swiss"]
[EventRounds "9"]
[EventCountry "RUS"]
[SourceTitle "CBM 060"]
[Source "ChessBase"]
[SourceDate "1997.09.29"]
[SourceVersion "1"]
[SourceVersionDate "1997.09.29"]
[SourceQuality "1"]

1. d4 d5 2. c4 c6 3. Nf3 Nf6 4. Nc3 e6 5. Bg5 h6 6. Bh4 dxc4 7. e4 g5 8. Bg3 b5
9. Be2 Bb7 10. O-O Nbd7 11. a4 b4 12. e5 Nh5 13. Ne4 c5 14. Nd6+ $146 (14. Nfd2
Nxg3 15. fxg3 Be7 16. Nd6+ Bxd6 17. exd6 c3 18. bxc3 bxc3 19. Nc4 O-O $13 {
Topalov,V-Gelfand,B/Dortmund 1996/CBM 54/1/2-1/2 (57)}) (14. Nxc5 Nxc5 15. dxc5
Qd5 16. Qc1 Ba6 $15 {Gelfand}) 14... Bxd6 15. exd6 Nxg3 16. hxg3 (16. fxg3 O-O
17. Bxc4 cxd4 18. Qxd4 Qb6 $10 {Gelfand}) 16... Qb6 17. dxc5 Qxc5 18. Rc1 Bd5
19. Bxc4 Bxc4 20. Nd2 Rd8 $1 (20... Nb6 21. Nxc4 Nxc4 22. d7+ Ke7 23. b3 $36
Nb2 $2 24. d8=Q+ Rhxd8 25. Qxd8+ $16) (20... Qxd6 21. Nxc4 Qxd1 22. Rfxd1 Ke7
23. Nd6 {/\ Rc7, Nb7}) (20... Bxf1 21. Rxc5 Nxc5 22. Nxf1 {/\ Qd4, Ne3-g4}) 21.
Rxc4 (21. Nxc4 Nb6 22. Nxb6 Qxb6 {>< d6}) 21... Qxd6 22. Ne4 Qxd1 (22... Qe5 $2
23. Rd4 {/\ f4}) 23. Rxd1 Ne5 (23... a5 $2 24. Rc7 $18) 24. Rxd8+ Kxd8 25. Rxb4
$11 Kc7 26. f4 gxf4 27. gxf4 Nc6 28. Rb3 Rd8 29. Re3 Rd4 30. f5 $1 (30. b3 Ne7
$5 $15 {/\ ...Nd5}) 30... exf5 31. Nc3 Kd7 (31... Kd7 32. Rh3 $44) 1/2-1/2

[Event "Hoogovens-B"]
[Site "Wijk aan Zee"]
[Date "1997.01.21"]
[Round "1"]
[White "Van der Sterren, Paul"]
[Black "Van der Wiel, John"]
[Result "1/2-1/2"]
[WhiteElo "2515"]
[BlackElo "2555"]
[Annotator "Lutz,C"]
[PlyCount "62"]
[EventDate "1997.01.21"]
[EventType "tourn"]
[EventRounds "11"]
[EventCountry "NED"]
[EventCategory "10"]
[SourceTitle "CBM 057"]
[Source "ChessBase"]
[SourceDate "1997.04.01"]
[SourceVersion "1"]
[SourceVersionDate "1997.04.01"]
[SourceQuality "1"]

1. d4 d5 2. c4 c6 3. Nf3 Nf6 4. Nc3 e6 5. Bg5 h6 6. Bxf6 Qxf6 7. e3 Nd7 8. a3
g6 9. b4 Bg7 10. cxd5 cxd5 $1 {Diese Idee von Gelfand scheint Schwarz ziemlich
problemlos Ausgleich zu sichern.} 11. Bd3 O-O 12. O-O Qe7 13. Qb3 (13. Na4 $5 {
Van Wely} Nb6 14. Nc5 Rb8 15. a4 Bd7 16. Ne5 Be8 {scheibnt ein besserer
Versuch im Kampf um die Initative zu sein. Zumindest ist der Rf8 außer Spiel.})
13... Nb6 14. a4 Bd7 15. a5 (15. Nd2 Nc8 16. Rfc1 Nd6 17. b5 Rfc8 18. a5 Qd8
$11 {1/2-1/2 Van Wely,L-Gelfand,B/Tilburg Fontys (9) 1996 (31)}) 15... Nc8 $11
{Schwarz kommt zu ...Nd6 und ...Rfc8, wonach aufgrund der Schwäche c4 Weiß
eher um Ausgleich bemüht sein muß.} 16. b5 Nd6 17. b6 Rfc8 18. Ne5 Be8 19. f4
axb6 20. axb6 Rxa1 21. Rxa1 g5 22. Nb5 Bxb5 23. Bxb5 Ne4 24. Bd3 gxf4 25. exf4
Qh4 26. g3 (26. Bxe4 Qxf4 $1) 26... Nxg3 27. hxg3 Qxg3+ 28. Kh1 Qh3+ 29. Kg1
Qg3+ 30. Kh1 Qh3+ 31. Kg1 Qg3+ 1/2-1/2

[Event "Hoogovens"]
[Site "Wijk aan Zee"]
[Date "1997.01.31"]
[Round "11"]
[White "Yermolinsky, Alex"]
[Black "Sokolov, Ivan"]
[Result "1/2-1/2"]
[WhiteElo "2630"]
[BlackElo "2615"]
[Annotator "Lutz,C"]
[PlyCount "74"]
[EventDate "1997.01.18"]
[EventType "tourn"]
[EventRounds "13"]
[EventCountry "NED"]
[EventCategory "16"]
[SourceTitle "CBM 057"]
[Source "ChessBase"]
[SourceDate "1997.04.01"]
[SourceVersion "1"]
[SourceVersionDate "1997.04.01"]
[SourceQuality "1"]

1. d4 d5 2. c4 c6 3. Nf3 Nf6 4. Nc3 e6 5. Bg5 h6 6. Bxf6 Qxf6 7. g3 Nd7 8. Bg2
dxc4 9. O-O Qd8 $5 (9... Be7 {wurde öfter versucht.}) 10. e3 Bd6 {Schwarz
strebt ein schnelles ...e5 an. Die Frage ist, wie Weiß darauf reagiert.} 11.
Qe2 (11. Nd2 $5 {scheint mir interessant, da der Nf3 so auf bessere Felder
gelangt und der Bg2 zum Leben erwacht.} Nb6 {Andernfalls folgt Nxc4 mit
leichtem Vorteil.} 12. a4 {Um das Feld b5 zu schwächen, sobald der Pc6 zieht.}
a5 13. Qe2 e5 (13... O-O 14. Nxc4 Nxc4 15. Qxc4 e5 16. d5 cxd5 (16... c5 17. e4
$14 {nebst f2-f4. Schwarz hat kein Gegenspiel.}) 17. Bxd5 $14) 14. Nxc4 (14. d5
$5 cxd5 15. Nxd5 Nxd5 16. Bxd5 Bb4 17. Qxc4 Bxd2 18. Rfd1 {verdient
Aufmerksamkeit.}) 14... Nxc4 15. Qxc4 exd4 (15... O-O 16. d5 {- 13...0-0}) 16.
exd4 $1 (16. Qxd4 $2 {ist ein strategischer Fehler, da der Bg2 keine
Betätigung hat.} Qf6 $5 17. Qxf6 gxf6 $11 {und Schwarz hat bequemen Ausgleich.}
) 16... O-O 17. d5 c5 (17... cxd5 18. Bxd5 $14) 18. Rfe1 b6 19. Bf1 $14 {
und der weiße Läufer strebt nach b5 bzw. zum Abtausch gegen den Bc8. Man
beachte, daß ohne Einschub der Züge a2-a4 und a7-a5 Schwarz einfach ...a7-a6
folgen lassen kann und keine Probleme mehr hat.}) 11... O-O 12. Rfd1 (12. Nd2
$5 {ist auch hier beachtenswert.}) 12... Qe7 13. Qxc4 e5 14. d5 Nb6 15. Qh4
cxd5 16. Qxe7 Bxe7 17. Nxe5 Bf6 18. f4 {Sonst folgt ...Bxc3} Bxe5 19. fxe5 Be6
20. Nxd5 Nxd5 21. Bxd5 Bxd5 22. Rxd5 Rad8 $11 23. Rd4 b6 24. Rad1 Rde8 25. Rd5
Re7 26. Kf2 Rfe8 27. Kf3 Rxe5 28. Rxe5 Rxe5 29. Rd8+ Kh7 30. Rd7 Ra5 31. a3 Kg6
32. h4 Kf6 33. g4 Rb5 34. Rxa7 Rxb2 35. a4 Rb4 36. a5 bxa5 37. Rxa5 Rc4 1/2-1/2